Rzeki i potoki w Warszawie - Statystyki

Ogólne statystyki
  • Ten quiz został rozwiązany 8 razy
  • Średni wynik to 2 z 6
Statystyki odpowiedzi
Długość całkowita (km) Rzeka/potok % Poprawnych
1047 Wisła
100%
16,5 Wilanówka
38%
47 Długa
25%
15,8 Potok Służewiecki
25%
5 Rudawka
25%
2 Potok Bielański
13%
Nie znaleziono quizów pasujących do podanych kryteriów
Rozkład punktacji
Procent ludzi z każdym wynikiem
Percentyl według liczby udzielonych odpowiedzi
Twoja historia wyników
Nie rozwiązałeś tego quizu